000 01214nam a22002897a 4500
005 20100719124511.0
008 100719t xxu||||| |||| 00| 0 eng d
010 _aENG-96418
020 _a9788122007855
_c300.00
020 _a8122007856
_c300.00
035 _aEN-79951
037 _bDBAD / PUB
040 _adpl
_bEnglish
082 _a915.1
100 _aSurie, Poonam.
245 _aChina, a search for its soul :
_cby Poonam Surie ; foreworded by Kapila Vatsyayan.
_bleaves from a Beijing diary /
260 _aNew Delhi
_bKonark Publishers
_c2010
270 _a206, First Floor, Peacock Lane, Shahpur Jat
_bNew Delhi
_e110049
_k(011) 41055065,65254972
_mkonarkpublishers@hotmail.com
300 _axxvi, 362 p., [16] p. of plates :
_c24cm (pbk)
_bill. (some col.)
500 _aIncludes bibliographical references and index.
651 _aChina
_xDescription and travel.
651 _aChina
_xCivilization.
651 _aChina
_xRelations
_zIndia.
651 _aIndia
_xRelations
_zChina
942 _2ddc
_cEN
_mSUR
_h 915.1
999 _c37070
_d37070